000
00453nam a22001097a 4500
082
_a
080
100
_a
अग्रवाल,डॉ. विजय
_9
83694
245
_a
UPSCप्रीलिम्स ऐसे होगा कैक TOPPERS की जीत का फाॅर्मूला
260
_a
भोपाल
_b
बेन्तेन बुक्स
_c
2026
650
_a
सामान्यवर्ग
_9
48646
942
_c
HIN
999
_c
68645
_d
68645